Science Quiz

Random Science or Color Quiz
Score 0/12 Timer 01:30
0 Plays Today
% Correct
Red
97.7%
Yellow
94.9%
Green
94.9%
Yellow-Green
94.5%
Red-Violet
94.5%
Blue
93.8%
Violet
91.5%
Blue-Green
90.6%
Yellow-Orange
90.3%
Blue-Violet
90.3%
Red-Orange
89.2%
Orange
87.1%
Remove Ads.
Support Sporcle.
Get the best of Sporcle when you Go Orange. This ad-free experience offers more features, more stats, and more fun while also helping to support Sporcle. Thank you for becoming a member.

You're not logged in!

Compare scores with friends on all Sporcle quizzes.
OR
Log In

Show Comments

Extras

Top Quizzes Today


Score Distribution

Your Account Isn't Verified!

In order to create a playlist on Sporcle, you need to verify the email address you used during registration. Go to your Sporcle Settings to finish the process.

Report this User

Report this user for behavior that violates our Community Guidelines.

Details: